000 00399 a2200133 4500
005 20250317140658.0
020 _a81-7391-504-0
082 _a374.111 SHA
100 _aSHARMA, Y. K.
245 _aThe Doctrines of the Great Western Educators: Fromm Plato to Bertrand Russell
260 _aNew Delhi,
_bKanishka Publishers,
_c2010.
300 _axvii, 509p.
_bBibliography, index
_c22cm.
942 _2ddc
_cBKS
999 _c806
_d806